banner-ar

هامش للديموقراطية في مصر : (Record no. 62899)

MARC details
000 -الفاتح
حقل البيانات ثابتة الطول 01013nam a22002537a 4500
005 - وقت وتاريخ اخر تعامل مع التسجيلة
رقم الضبط 20240530110613.0
008 - عناصر البيانات ثابتة الطول - معلومات عامة
حقل البيانات ثابتة الطول 161122s2014 ua f 000 0 ara d
017 ## - رقم الايداع القانونى
رقم الايداع القانونى 2014/2999
المصدر ( الهيئة المختصة) مصر . دار الكتب المصرية
020 ## - الرقم الدولى المعيارى للكتب
الرقم الدولى المعيارى للكتاب 9789774278914
040 ## - مصدر الفهرسة
وكالة الفهرسة الأصلية EG-CaGPL
082 04 - رقم تصنيف ديوى العشرى
رقم الطبعة 21
رقم التصنيف 321.800962
رقم المادة ق/ع هـ
100 0# - المدخل الرئيسى - إسم شخصى
الإسم الشخصى عمرو حمزاوي
245 10 - بيان العنوان
العنوان هامش للديموقراطية في مصر :
بقية العنوان محطات وقضايا تحول لم تتم /
بيان المسئوليه,etc عمرو حمزاوي
250 ## - بيان الطبعة
بيان الطبعة ط.1
260 ## - PUBLICATION, DISTRIBUTION, ETC. (IMPRINT)
تاريخ النشر أو التوزيع 2014.
300 ## - الوصف المادى
التعداد 456 ص. ؛
أبعاد الوعاء 20 سم.
490 0# - بيان السلسلة
عنوان السلسلة مسارات المرحلة الانتقالية من يناير 2011 حتى 30 يونيو 2013
650 07 - المدخل الاضافى بالموضوع-مصطلح موضوعى
مصدر الرأس أو المصطلح qrmak
مصطلح موضوعي السياسة
650 07 - المدخل الاضافى بالموضوع-مصطلح موضوعى
مصدر الرأس أو المصطلح qrmak
مصطلح موضوعي الديموقراطية
650 07 - المدخل الاضافى بالموضوع-مصطلح موضوعى
مصدر الرأس أو المصطلح qrmak
مصطلح موضوعي الفكر السياسي
651 07 - المدخل الاضافى بالموضوع - اسم جغرافى
مصدر الرأس أو المصطلح qrmak
الاسم الجغرافي مصر
التقسيم الفرعي العام الاحوال السياسية
942 ## - عناصر المدخل الإضافي( كوها)
مصدر التصنيف او مخطط الترفيف Dewey Decimal Classification
Koha [default] item type كتاب
260 ## - PUBLICATION, DISTRIBUTION, ETC. (IMPRINT)
-- القاهرة :
-- الدار المصرية اللبنانية ،
Holdings
حالة التراجع حالة الفقد حالة تلف ليس للاعارة المكان المؤقت الموقع الحالى موقع الترفيف تاريخ الاكتساب اجمالي اﻻعارات رقم الطلب الباركود تاريخ اخر مشاهدة تاريخ تفعيل السعر نوع وعاء كوها
        مكتبة القاهرة الكبرى مكتبة القاهرة الكبرى   11/23/2016   321.800962 ق/ع هـ 162809 11/23/2016 11/23/2016 كتاب

Powered By

EGPV